000
00382nam a22001457a 4500
005
20130712160658.0
008
130712t xxu||||| |||| 00| 0 eng d
100
_a
GAGNON,M
245
_a
THE MANDEANS
260
_a
Rome
_b
PISAI
_c
1991
300
_a
VOL.14 NO.179
440
_a
ENCOUNTER
942
_2
lcc
_c
ART
999
_c
155028
_d
154988